US States by Order of Entry Into the Union - Statistics

General Stats
  • This quiz has been taken 62 times
  • The average score is 29 of 50
Answer Stats
Hint Answer % Correct
Dec. 7, 1787 Delaware
92%
Dec. 18, 1787 New Jersey
84%
Dec. 12, 1787 Pennsylvania
84%
May 29, 1790 Rhode Island
84%
Jan. 9, 1788 Connecticut
80%
Jan. 2, 1788 Georgia
80%
Feb. 6, 1788 Massachusetts
80%
Jul. 26, 1788 New York
80%
Jun 25, 1788 Virginia
80%
Apr. 28, 1788 Maryland
76%
Jun 21, 1788 New Hampshire
76%
Nov. 21, 1789 North Carolina
76%
May 23, 1788 South Carolina
72%
Mar. 4, 1791 Vermont
72%
Mar. 1, 1803 Ohio
64%
Jan 3, 1959 Alaska
60%
Aug 21, 1959 Hawaii
60%
Dec. 11, 1816 Indiana
56%
Jun. 1, 1792 Kentucky
56%
Apr. 30, 1812 Louisiana
56%
Mar 15, 1820 Maine
56%
Jun. 1, 1796 Tennessee
56%
Dec 29, 1845 Texas
56%
Jun 20, 1863 West Virginia
56%
Feb 14, 1912 Arizona
52%
Jun 5, 1836 Arkansas
52%
Mar 3, 1845 Florida
52%
Dec. 10, 1817 Mississippi
52%
Aug 10, 1821 Missouri
52%
Nov 8, 1889 Montana
52%
Dec 14, 1819 Alabama
48%
Sep 9, 1850 California
48%
Jul 3, 1890 Idaho
48%
Dec 3, 1818 Illinois
48%
Jan 26, 1837 Michigan
48%
Jan 6, 1912 New Mexico
48%
Nov 16, 1907 Oklahoma
48%
Jan 4, 1896 Utah
48%
Aug 1, 1876 Colorado
44%
Dec 28, 1846 Iowa
44%
Jan 29, 1861 Kansas
44%
May 11, 1858 Minnesota
44%
Oct 31, 1864 Nevada
44%
Nov 2, 1889 North Dakota
44%
Feb 14, 1859 Oregon
44%
Nov 2, 1889 South Dakota
44%
Nov 11, 1889 Washington
44%
May 29, 1848 Wisconsin
44%
Mar 1, 1867 Nebraska
40%
Jul 10, 1890 Wyoming
40%
No matching quizzes found
Score Distribution
Percent of People with Each Score
Percentile by Number Answered
Your Score History
You have not taken this quiz